Detalles MARC
| 000 -LÍDER |
| Campo fijo de descripción fija |
01201nam a2200361 i 4500 |
| 001 - NÚMERO DE CONTROL |
| Campo de control |
768714001 |
| 003 - IDENTIFICADOR DEL NÚMERO DE CONTROL |
| Campo de control |
CO-MdFUSB |
| 005 - FECHA Y HORA DE LA ULTIMA TRANSACCIÓN |
| control field |
20230208163429.0 |
| 007 - CAMPO FIJO DE DESCRIPCIÓN FIJA--INFORMACIÓN GENERAL |
| Campo fijo de descripción fija |
ta |
| 008 - ELEMENTOS DE LONGITUD FIJA -- INFORMACIÓN GENERAL |
| Campo fijo de descripción fija -- Información general |
180306t1969 ag ||||| |||| 00| 0 spa d |
| 020 ## - NÚMERO INTERNACIONAL NORMALIZADO PARA LIBROS |
| Información adicional |
[No incluye ISBN] |
| 040 ## - FUENTE DE CATALOGACIÓN |
| Agencia de catalogación original |
CO-MdFUSB |
| Idioma de catalogación |
spa |
| Agencia que realiza la transcripción |
CO-MdFUSB |
| Agencia que realiza la modificación |
CO-MdFUSBC |
| Convenciones de la descripción |
rda |
| 041 0# - CÓDIGO DE IDIOMA |
| Código de idioma para texto/pista de sonido o título separado |
spa |
| Código de idioma original |
ger |
| 082 04 - NÚMERO DE CLASIFICACIÓN DECIMAL DEWEY |
| Número de clasificación |
227.1 |
| Número de la edición del Dewey |
23 |
| Clave de autor-Numero de item |
N9948d |
| 100 1# - ASIENTO PRINCIPAL--NOMBRE PERSONAL |
| Nombre personal |
Nygren, Anders (1890-) |
| Término relacionador |
autor |
| 240 ## - TITULO UNIFORME |
| Título uniforme |
<a href="Commentary on Romans">Commentary on Romans</a> |
| 245 #3 - TÍTULO |
| Título del Material |
La epístola a los Romanos |
| Mención de responsabilidad, etc. |
/ Anders Nygren |
| 264 #1 - PRODUCCIÓN, PUBLICACIÓN, DISTRIBUCIÓN, MANUFACTURA, Y COPYRIGHT |
| Lugar de producción, publicación, distribución, manufactura |
Buenos Aires, Argentina : |
| Nombre del productor, publicador, distribuidor |
La Aurora, |
| Fecha de producción, publicación, distribución, manufactura, o copyright |
[1969] |
| 264 #4 - PRODUCCIÓN, PUBLICACIÓN, DISTRIBUCIÓN, MANUFACTURA, Y COPYRIGHT |
| Fecha de producción, publicación, distribución, manufactura, o copyright |
©1969 |
| 300 ## - DESCRIPCIÓN FÍSICA |
| Extensión |
377 páginas |
| Dimensiones |
; 23 cm |
| 336 ## - TIPO DE CONTENIDO |
| Fuente |
rdacontent |
| Término de tipo de contenido |
texto |
| Código de tipo de contenido |
txt |
| 337 ## - TIPO DE MEDIO |
| Fuente |
rdamedia |
| Nombre del tipo de medio |
sin mediación |
| Código del tipo de medio |
n |
| 338 ## - TIPO DE SOPORTE |
| Fuente |
rdacarrier |
| Nombre del tipo de soporte |
volumen |
| Código Tipo de soporte |
nc |
| 505 ## - NOTA DE CONTENIDO |
| Título |
Primera parte: |
| Nota de contenido con formato preestablecido |
EL justo por la fe: 1:18-4:25. |
| 505 ## - NOTA DE CONTENIDO |
| Título |
Segunda Parte: |
| Nota de contenido con formato preestablecido |
El justo por la fe vivirá: 5:1 - 8:39 |
| 505 ## - NOTA DE CONTENIDO |
| Título |
Tercera Parte: |
| Nota de contenido con formato preestablecido |
La justicia de la fe no está contra la promesa de Dios: 9:1 -11:36 |
| 505 ## - NOTA DE CONTENIDO |
| Título |
Cuarta Parte: |
| Nota de contenido con formato preestablecido |
La vida del justo por la fe: 12:1: 15:13 |
| 505 ## - NOTA DE CONTENIDO |
| Título |
Conclusión: |
| Nota de contenido con formato preestablecido |
15:14-16:27 |
| 563 ## - NOTA DE ENCUADERNACIÓN |
| Nota de encuadernación |
Rústico |
| 630 07 - TITULO UNIFORME |
| Título uniforme |
Biblia. |
| Nombre de parte o sección de la obra |
Romanos |
| 942 ## - TIPO DE MATERIAL (KOHA) |
| Tipo de Item KOHA |
Libros General |
| 945 ## - INFORMACIÓN LOCAL DEL REGISTRO |
| Catalogador |
JTF-925 |